000 00447nam a2200133Ia 4500
008 200922s9999 xx 000 0 und d
100 _aBrigham, Eugene F.
245 _cEugene F. Brigham, Joel F. Houston, Hsu Jun-Ming, et.al.
_aEssentials of financial management/
250 _a4th ed.
260 _aSingapore:
_bCENGAGE
_c2019
300 _axix, 804 pages
_c25 cm.
650 _aBusiness enterprise -- finance
650 _aCorporations -- finance
999 _c364432
_d364432